000 00293nam a22001337a 4500
008 170717b xxu||||| |||| 00| 0 eng d
020 _a9781882926626
041 _aeng
080 _a2
100 _a24
101 _aTEO
245 _aTHE CLASH FO ORTHODOXIES
_cGEORGE, R.P
942 _2udc
_cBK
999 _c21352
_d21352